Asian Capitals Without First or Last Letters Quiz #1 - Statistics

General Stats
  • This quiz has been taken 36 times
  • The average score is 11 of 12
Answer Stats
Asian Capitals Without First or Last Letters Full Asian Capitals (and Countries) % Correct
angko Bangkok (Thailand)
100%
slamaba Islamabad (Pakistan)
100%
akart Jakarta (Indonesia)
97%
ual umpu Kuala Lumpur (Malaysia)
97%
usca Muscat (Oman)
90%
eou Seoul (South Korea)
90%
ashken Tashkent (Uzbekistan)
90%
himph Thimphu (Bhutan)
90%
anam Manama (Bahrain)
81%
ak Baku (Azerbaijan)
77%
ano Hanoi (Vietnam)
74%
u-ulta Nur-Sultan (Kazakhstan)
68%
No matching quizzes found
Score Distribution
Percent of People with Each Score
Percentile by Number Answered
Your Score History
You have not taken this quiz